Statistiken für Beste Bundesliga Torschützen SV Werder Bremen

Klicken Sie hier um das Quiz zu spielen!

Allgemein

  • Dieses Quiz wurde 528 mal gespielt
    (27 seit der letzten Aktualisierung)
  • Das Durchschnittsergebnis liegt bei 27 aus 69

Antwortstatistiken

SaisonNationalitätToreSpieler% Korrekt
2000/01Peru19Claudio Pizarro
100%
2011/12Peru18Claudio Pizarro
100%
2008/09Peru17Claudio Pizarro
100%
2009/10Peru16Claudio Pizarro
100%
2015/16Peru14Claudio Pizarro
100%
2010/11Peru9Claudio Pizarro
100%
2022/23Deutschland16Niclas Füllkrug
96%
2020/21Deutschland6Niclas Füllkrug
96%
2023/24Deutschland12Marvin Ducksch
92%
2002/03Brasilien16Ailton
88%
2001/02Brasilien16Ailton
88%
2003/04Brasilien28Ailton
88%
2004/05Deutschland15Miroslav Klose
88%
2006/07Deutschland13Miroslav Klose
88%
2005/06Deutschland25Miroslav Klose
88%
2006/07Brasilien13Diego
80%
2019/20Kosovo8Milot Rashica
72%
2010/11Portugal9Hugo Almeida
64%
1983/84Deutschland18Rudi Völler
60%
1984/85Deutschland25Rudi Völler
60%
1986/87Deutschland22Rudi Völler
60%
1982/83Deutschland23Rudi Völler
60%
2007/08Schweden14Markus Rosenberg
56%
2019/20Japan8Yuya Ōsako
56%
2014/15Argentinien13Franco Di Santo
52%
1996/97Österreich15Andreas Herzog
40%
2017/18Deutschland6Max Kruse
40%
2018/19Deutschland11Max Kruse
40%
2016/17Deutschland11Serge Gnabry
36%
1992/93Neuseeland17Wynton Rufer
36%
1993/94Neuseeland10Wynton Rufer
36%
1990/91Neuseeland15Wynton Rufer
36%
1989/90Neuseeland10Wynton Rufer
36%
1991/92Deutschland12Marco Bode
28%
1999/00Deutschland13Marco Bode
28%
1997/98Deutschland9Marco Bode
28%
1998/99Deutschland8Marco Bode
28%
1988/89Deutschland13Frank Neubarth
24%
1985/86Deutschland20Frank Neubarth
24%
1988/89Deutschland13Karl-Heinz Riedle
24%
1987/88Deutschland18Karl-Heinz Riedle
24%
2012/13Deutschland11Nils Petersen
24%
2013/14Deutschland7Nils Petersen
24%
2012/13Deutschland11Aaron Hunt
20%
2013/14Deutschland7Aaron Hunt
20%
1994/95Deutschland20Mario Basler
20%
1995/96Deutschland11Mario Basler
20%
1970/71Deutschland5Bernd Lorenz
4%
1978/79Deutschland12Jürgen Röber
4%
1977/78Deutschland13Jürgen Röber
4%
1975/76Deutschland10Jürgen Röber
4%
1981/82Deutschland18Uwe Reinders
4%
1963/64Deutschland11Arnold Schütz
0%
1965/66Deutschland20Arnold Schütz
0%
1966/67Deutschland9Arnold Schütz
0%
1970/71Deutschland5Arnold Schütz
0%
1966/67Deutschland9Gerhard Zebrowski
0%
1970/71Deutschland5Karl-Heinz Kamp
0%
1976/77Deutschland10Karlheinz Meininger
0%
1964/65Deutschland12Klaus Matischak
0%
1998/99Serbien8Rade Bogdanović
0%
1979/80Deutschland12Werner Dreßel
0%
1969/70Deutschland9Werner Görts
0%
1968/69Deutschland15Werner Görts
0%
1967/68Deutschland16Werner Görts
0%
1971/72Deutschland13Werner Weist
0%
1973/74Deutschland9Werner Weist
0%
1974/75Deutschland11Werner Weist
0%
1972/73Deutschland13Werner Weist
0%

Verteilung der Resultate

Perzentil nach korrekt beantworteten Fragen

Anzahl Personen mit jedem Resultat

Ihre Resultats-Entwicklung

Sie haben dieses Quiz seit der letzten Aktualisierung nicht gespielt